000 00717nam a2200181Ia 4500
008 151202s9999||||xx |||||||||||||| ||und||
082 _bPNVM-72234
100 _aकश्यप सुभाष सी./अनु-पाटील न.ब.
245 _aआपली संसद.
260 _b"नॅशनल बुक ट्रस्ट इंडिया, नवी दिल्ली."
260 _c72234
300 _a300
600 _aकश्यप सुभाष सी./अनु-पाटील न.ब.
630 _aआपली संसद.
700 _aकश्यप सुभाष सी./अनु-पाटील न.ब.
730 _aआपली संसद.
942 _cBOOK
999 _c1338901
_d1338898